00763nam a22002057a 450000500170000001000150001702000110003203500140004303700090005708200150006610000270008124500430010825000060015126000500015727001200020730000310032794200260035899900190038495201540040320250220143519.0 aENG-143045 c300.00 aEN-126577 bDBAD a599.75621 aDhamankar, Atul978276 atrailing the Tiger/cBy Atul Dhamankar a1 aMumbaibSoniya Khare Inking Innovationsc2014 aGround Floor, India rinting House 42, G.D. Ambedkar MArg, WadalabMumbaie400031mipwsoniya@gmail.comk022-24186233 a195p.c21cm(pb)bCol. Ill. 2ddccENh599.756mDHA c209587d209587 001040708NFICaLbLd2025-02-20eDelivery of Books Act Divisiong300.00l0o599.756 DHApEN-126577r2025-02-20 00:00:00t1v300.00w2025-02-20yEN